000
00292nam a2200133Ia 4500
082
_a
616.01
_b
M07G
100
_a
GREENWOOD, DAVID
245
_a
MEDICAL MICROBIOLOGY
250
_a
17TH
260
_b
CHURCHILL
_a
EDINBURGH
_c
2007
300
_a
1-738
650
_a
MICROBIOLOGY
942
_2
ddc
_c
BK
_0
5
999
_c
258
_d
258